<?xml version='1.0' encoding='UTF-8'?>
  <record xmlns="http://www.loc.gov/MARC21/slim">
    <leader>00000cam a2200000 i 4500</leader>
    <controlfield tag="001">ocm63372017</controlfield>
    <controlfield tag="003">OCoLC</controlfield>
    <controlfield tag="005">20251127215553.9</controlfield>
    <controlfield tag="008">860923s1850    gw            000 0 ger d</controlfield>
    <datafield tag="040" ind1=" " ind2=" ">
      <subfield code="a">COO</subfield>
      <subfield code="b">eng</subfield>
      <subfield code="c">COO</subfield>
      <subfield code="d">OCLCG</subfield>
      <subfield code="d">OCLCF</subfield>
      <subfield code="d">OCLCO</subfield>
      <subfield code="d">OCLCQ</subfield>
      <subfield code="d">GBVCP</subfield>
      <subfield code="d">QGJ</subfield>
      <subfield code="d">WURST</subfield>
      <subfield code="d">OCLCO</subfield>
      <subfield code="d">OCLCL</subfield>
      <subfield code="d">OCLCQ</subfield>
    </datafield>
    <datafield tag="019" ind1=" " ind2=" ">
      <subfield code="a">29621901</subfield>
      <subfield code="a">832162095</subfield>
    </datafield>
    <datafield tag="029" ind1="1" ind2=" ">
      <subfield code="a">AU@</subfield>
      <subfield code="b">000022056035</subfield>
    </datafield>
    <datafield tag="029" ind1="1" ind2=" ">
      <subfield code="a">NLGGC</subfield>
      <subfield code="b">063311070</subfield>
    </datafield>
    <datafield tag="035" ind1=" " ind2=" ">
      <subfield code="a">(OCoLC)63372017</subfield>
      <subfield code="z">(OCoLC)29621901</subfield>
      <subfield code="z">(OCoLC)832162095</subfield>
    </datafield>
    <datafield tag="041" ind1="1" ind2=" ">
      <subfield code="a">ger</subfield>
      <subfield code="h">fre</subfield>
    </datafield>
    <datafield tag="100" ind1="1" ind2=" ">
      <subfield code="a">Brongniart, Adolphe,</subfield>
      <subfield code="d">1801-1876.</subfield>
      <subfield code="1">https://id.oclc.org/worldcat/entity/E39PBJrgHrK6CT6yx7dGR4v8md</subfield>
    </datafield>
    <datafield tag="240" ind1="1" ind2="0">
      <subfield code="a">Exposition chronologique des périodes de végétation et des flores diverses qui se sont succédés à la surface de la terre.</subfield>
      <subfield code="l">German</subfield>
    </datafield>
    <datafield tag="245" ind1="1" ind2="0">
      <subfield code="a">Chronologische Uebersicht der Vegetations-Perioden und der verschiedenen Floren, in ihrer Nacheinanderfolge auf der Erdoberfläche /</subfield>
      <subfield code="c">von Adolph Brongniart. Aus dem Französischen von Dr. Karl Müller.</subfield>
    </datafield>
    <datafield tag="260" ind1=" " ind2=" ">
      <subfield code="a">Halle :</subfield>
      <subfield code="b">Verlag von Ch. Graeger,</subfield>
      <subfield code="c">1850.</subfield>
    </datafield>
    <datafield tag="300" ind1=" " ind2=" ">
      <subfield code="a">iv, 90 pages ;</subfield>
      <subfield code="c">22 cm</subfield>
    </datafield>
    <datafield tag="336" ind1=" " ind2=" ">
      <subfield code="a">text</subfield>
      <subfield code="b">txt</subfield>
      <subfield code="2">rdacontent</subfield>
    </datafield>
    <datafield tag="337" ind1=" " ind2=" ">
      <subfield code="a">unmediated</subfield>
      <subfield code="b">n</subfield>
      <subfield code="2">rdamedia</subfield>
    </datafield>
    <datafield tag="338" ind1=" " ind2=" ">
      <subfield code="a">volume</subfield>
      <subfield code="b">nc</subfield>
      <subfield code="2">rdacarrier</subfield>
    </datafield>
    <datafield tag="500" ind1=" " ind2=" ">
      <subfield code="a">Translation of the author's Exposition chronologique des périodes de végétation et des flores diverses qui se sont succédés à la surface de la terre, originally published in the Annales des sciences naturelles, v. 11 (Botanique) 1849, p. 285-338, etc.</subfield>
    </datafield>
    <datafield tag="650" ind1=" " ind2="0">
      <subfield code="a">Paleobotany.</subfield>
    </datafield>
    <datafield tag="650" ind1=" " ind2="6">
      <subfield code="a">Paléobotanique.</subfield>
    </datafield>
    <datafield tag="650" ind1=" " ind2="7">
      <subfield code="a">Paleobotany.</subfield>
      <subfield code="2">fast</subfield>
      <subfield code="0">(OCoLC)fst01051324</subfield>
    </datafield>
    <datafield tag="653" ind1="0" ind2="0">
      <subfield code="a">biogeografie</subfield>
    </datafield>
    <datafield tag="653" ind1="0" ind2="0">
      <subfield code="a">biogeography</subfield>
    </datafield>
    <datafield tag="653" ind1="0" ind2="0">
      <subfield code="a">geografische verdeling</subfield>
    </datafield>
    <datafield tag="653" ind1="0" ind2="0">
      <subfield code="a">geographical distribution</subfield>
    </datafield>
    <datafield tag="653" ind1="0" ind2="0">
      <subfield code="a">paleobotanie</subfield>
    </datafield>
    <datafield tag="653" ind1="0" ind2="0">
      <subfield code="a">palaeobotany</subfield>
    </datafield>
    <datafield tag="653" ind1="0" ind2="0">
      <subfield code="a">paleontologie</subfield>
    </datafield>
    <datafield tag="653" ind1="0" ind2="0">
      <subfield code="a">palaeontology</subfield>
    </datafield>
    <datafield tag="653" ind1="1" ind2="0">
      <subfield code="a">Palaeontology</subfield>
    </datafield>
    <datafield tag="653" ind1="1" ind2="0">
      <subfield code="a">Paleontologie</subfield>
    </datafield>
    <datafield tag="700" ind1="1" ind2=" ">
      <subfield code="a">Müller, Karl,</subfield>
      <subfield code="d">1818-1899.</subfield>
      <subfield code="1">https://id.oclc.org/worldcat/entity/E39PBJhX6VY6bffTDFVhVhBByd</subfield>
    </datafield>
    <datafield tag="758" ind1=" " ind2=" ">
      <subfield code="i">has work:</subfield>
      <subfield code="a">Chronologische Übersicht der Vegetations-Perioden und der verschiedenen Floren, in ihrer Nacheinanderfolge auf der Erdoberfläche (Text)</subfield>
      <subfield code="1">https://id.oclc.org/worldcat/entity/E39PCFWKm69q3tyRM3fGMyC38K</subfield>
      <subfield code="4">https://id.oclc.org/worldcat/ontology/hasWork</subfield>
    </datafield>
    <datafield tag="773" ind1="0" ind2="8">
      <subfield code="i">Aus:</subfield>
      <subfield code="t">Annales des sciences naturelles ; Sér. 3, T. 11.1849</subfield>
    </datafield>
    <datafield tag="936" ind1=" " ind2=" ">
      <subfield code="a">BATCHLOAD</subfield>
    </datafield>
  </record>